00562nam a2200157 4500001000700000003000900007007000300016008004100019100002200060245013500082260006900217300002500286700004300311700002600354852002400380144048ES-MaACLt|070214q1920 xxk r ||||1| spa d1 aSimonds, Frank H.10aHistoria de la guerra del mundo / cFrank H. Simonds ; traducción de Carmen Torres Calderón de Pinillos y Miguel de Zárraga. aLondres ; aMadrid ; aBuenos Aires : bW. M. Jackson, c[1920?] a5 v. ; c26 x 18 cm.1 aTorres Calderón de Pinillos, Carmen.1 aZárraga, Miguel de. aES-MaACLjC-811-815